000 01062nam a2200301 i 4500
001 bg
003 KOSZ 005
005 20220920090304.0
008 090803s2008 pl |001 0dpol
015 _aPB 57/2009
020 _a8372854327
020 _a9788372854322
040 _cBPK
041 _apol
044 _aPOL
080 _a303
080 _a330.1
100 1 _aAdamkiewicz-Drwiłło, Hanna G.
_eAutor
245 1 0 _aWspółczesna metodologia nauk ekonomicznych /
_cHanna G. Adamkiewicz-Drwiłło ; [współpr. Andrzej Drwiłło et al.].
260 _aToruń :
_bTowarzystwo Naukowe Organizacji i Kierownictwa "Dom Organizatora",
_c2008.
300 _a534 s. :
_bil. ;
_c25 cm.
504 _aBibliogr. s. 493-521. Indeks.
650 9 _aNauki ekonomiczne
_xmetodologia
700 1 _aDrwiłło, Andrzej.
856 _uhttp://koha.tu.koszalin.pl/cgi-bin/koha/opac-detail.pl?biblionumber=56595
_yKatalog online BPK
942 _cKS
_2UKD
999 _c56595
_d56595